000 00345nam a2200133Ia 4500
005 20260326235502.0
008 260326s9999||||xx |||||||||||||| ||und||
100 _aVega, Rafael
245 0 _aArte en los Noventa /
_cRafael Vega
260 _bUniversidad Nacional de Colombia
300 _a276 p.
650 _aARQUITECTURA REGIONAL
942 _cBK
999 _c8083
_d8083